William E. Robinson family papers, (Record no. 44809)
[ view plain ]
| 000 -LEADER | |
|---|---|
| fixed length control field | 02016cpcaa2200361 a 4500 |
| 001 - CONTROL NUMBER | |
| control field | mm2009085494 |
| 003 - CONTROL NUMBER IDENTIFIER | |
| control field | DLC |
| 005 - DATE AND TIME OF LATEST TRANSACTION | |
| control field | 20260227111731.0 |
| 008 - FIXED-LENGTH DATA ELEMENTS--GENERAL INFORMATION | |
| fixed length control field | 090911|||| ||| ||| eng |
| 010 ## - LIBRARY OF CONGRESS CONTROL NUMBER | |
| LC control number | mm2009085494 |
| 040 ## - CATALOGING SOURCE | |
| Original cataloging agency | DLC |
| Transcribing agency | DLC |
| Description conventions | dacs |
| Modifying agency | DLC |
| 072 #7 - SUBJECT CATEGORY CODE | |
| Subject category code | W |
| Source | lcmd |
| 100 1# - MAIN ENTRY--PERSONAL NAME | |
| Personal name | Robinson, William E. |
| Fuller form of name | (William Erigena), |
| Dates associated with a name | 1814-1892. |
| 245 00 - TITLE STATEMENT | |
| Title | William E. Robinson family papers, |
| Inclusive dates | 1841-2009. |
| 300 ## - PHYSICAL DESCRIPTION | |
| Extent | 100 |
| Type of unit | items. |
| 300 ## - PHYSICAL DESCRIPTION | |
| Extent | 1 |
| Type of unit | container plus |
| Extent | 1 |
| Type of unit | oversize. |
| 300 ## - PHYSICAL DESCRIPTION | |
| Extent | 0.4 |
| Type of unit | linear feet. |
| 351 ## - ORGANIZATION AND ARRANGEMENT OF MATERIALS | |
| Organization | Arranged alphabetically by name of family member. |
| 506 0# - RESTRICTIONS ON ACCESS NOTE | |
| Terms governing access | Open to research. |
| 520 8# - SUMMARY, ETC. | |
| Summary, etc. | Correspondence, speeches, biographical material, certificates, diplomas, photographs, printed matter, and other papers of the Robinson family. Includes printed speeches of William E. Robinson (1814-1892) as U.S. representative from New York and tickets to the U.S. Senate gallery for the impeachment of Andrew Johnson. Also includes papers of Robinson's son, William Adams Robinson (1870-1920); grandson, William E. Robinson (1905-1951); and great-grandson, William Adams Robinson (1936-2007). |
| 545 0# - BIOGRAPHICAL OR HISTORICAL DATA | |
| Biographical or historical data | U.S. representative from New York and journalist. |
| 546 ## - LANGUAGE NOTE | |
| Language note | Collection material in English. |
| 600 30 - SUBJECT ADDED ENTRY--PERSONAL NAME | |
| Personal name | Robinson family. |
| 651 #0 - SUBJECT ADDED ENTRY--GEOGRAPHIC NAME | |
| Geographic name | United States |
| General subdivision | Politics and government |
| Chronological subdivision | 1865-1869. |
| 600 10 - SUBJECT ADDED ENTRY--PERSONAL NAME | |
| Personal name | Johnson, Andrew, |
| Dates associated with a name | 1808-1875 |
| General subdivision | Impeachment. |
| 656 #7 - INDEX TERM--OCCUPATION | |
| Occupation | Journalists. |
| Source of term | itoamc |
| 656 #7 - INDEX TERM--OCCUPATION | |
| Occupation | Representatives, U.S. Congress |
| Geographic subdivision | New York (State) |
| Source of term | itoamc |
| 700 1# - ADDED ENTRY--PERSONAL NAME | |
| Personal name | Robinson, William Adams, |
| Dates associated with a name | 1870-1920. |
| Title of a work | William Adams Robinson papers. |
| Date of a work | 1877-1920. |
| 700 1# - ADDED ENTRY--PERSONAL NAME | |
| Personal name | Robinson, William Adams, |
| Dates associated with a name | 1936-2007. |
| Title of a work | William Adams Robinson papers. |
| Date of a work | 1958-2009. |
| 700 1# - ADDED ENTRY--PERSONAL NAME | |
| Personal name | Robinson, William E. |
| Fuller form of name | (William Erigena), |
| Dates associated with a name | 1814-1892. |
| Title of a work | William E. Robinson papers. |
| Date of a work | 1841-1886. |
| 700 1# - ADDED ENTRY--PERSONAL NAME | |
| Personal name | Robinson, William E. |
| Fuller form of name | (William Erigena), |
| Dates associated with a name | 1905-1951. |
| Title of a work | William E. Robinson papers. |
| Date of a work | 1921-1951. |
No items available.